<?xml version="1.0" encoding="UTF-8"?>
<record
    xmlns:xsi="http://www.w3.org/2001/XMLSchema-instance"
    xsi:schemaLocation="http://www.loc.gov/MARC21/slim http://www.loc.gov/standards/marcxml/schema/MARC21slim.xsd"
    xmlns="http://www.loc.gov/MARC21/slim">

  <leader>00549caa a22001572a 4500</leader>
  <controlfield tag="001">  006428</controlfield>
  <controlfield tag="003">  AR-FADEU</controlfield>
  <controlfield tag="008">  311216n########xxu####################dd</controlfield>
  <datafield tag="092" ind1=" " ind2=" ">
    <subfield code="a">303.44</subfield>
    <subfield code="b">M689</subfield>
  </datafield>
  <datafield tag="100" ind1=" " ind2=" ">
    <subfield code="a">Germani, Gino</subfield>
  </datafield>
  <datafield tag="245" ind1=" " ind2=" ">
    <subfield code="a">Consecuencias pol&#xED;ticas y sociales de la movilidad</subfield>
  </datafield>
  <datafield tag="300" ind1=" " ind2=" ">
    <subfield code="a">PP. 33-78</subfield>
  </datafield>
  <datafield tag="500" ind1=" " ind2=" ">
    <subfield code="a">En: Modernizaci&#xF3;n y desarrollo social /ed. Nilda Sito. Buenos Aires : Nueva Visi&#xF3;n, 1970</subfield>
  </datafield>
  <datafield tag="942" ind1=" " ind2=" ">
    <subfield code="c">BDGR</subfield>
  </datafield>
  <datafield tag="773" ind1="0" ind2=" ">
    <subfield code="0">12247</subfield>
    <subfield code="9">10753</subfield>
    <subfield code="a"></subfield>
    <subfield code="b"></subfield>
    <subfield code="d">Buenos Aires</subfield>
    <subfield code="o">6561</subfield>
    <subfield code="t">MODERNIZACION y desarrollo social</subfield>
    <subfield code="w">(  AR-FADEU)  006427</subfield>
    <subfield code="x"></subfield>
    <subfield code="z"></subfield>
  </datafield>
  <datafield tag="999" ind1=" " ind2=" ">
    <subfield code="c">12248</subfield>
    <subfield code="d">12248</subfield>
  </datafield>
</record>
